All 2025 ATP Tournament Finals - Statistics

General Stats
  • This quiz has been taken 237 times
  • The average score is 94 of 120
Answer Stats
Tournament Category Answer % Correct
Roland Garros Grand Slam W Carlos Alcaraz
100%
F Carlos Alcaraz
100%
US Open Grand Slam W Carlos Alcaraz
100%
F Carlos Alcaraz
100%
Monte Carlo Masters 1000 W Carlos Alcaraz
100%
Rome Masters 1000 W Carlos Alcaraz
100%
Cincinnati Masters 1000 W Carlos Alcaraz
100%
Rotterdam ATP 500 W Carlos Alcaraz
100%
F Carlos Alcaraz
100%
Queen's Club ATP 500 W Carlos Alcaraz
100%
Tokyo ATP 500 W Carlos Alcaraz
100%
Australian Open Grand Slam W Jannik Sinner
100%
F Jannik Sinner
100%
Wimbledon Grand Slam W Jannik Sinner
100%
F Jannik Sinner
100%
Turin ATP Finals W Jannik Sinner
100%
F Jannik Sinner
100%
F Jannik Sinner
100%
Paris Masters 1000 W Jannik Sinner
100%
Beijing ATP 500 W Jannik Sinner
100%
Vienna ATP 500 W Jannik Sinner
100%
F Novak Djokovic
99%
Geneva ATP 250 W Novak Djokovic
99%
Athens ATP 250 W Novak Djokovic
99%
F Alexander Zverev
98%
Munich ATP 500 W Alexander Zverev
98%
F Alexander Zverev
98%
F Alexander Zverev
98%
Madrid Masters 1000 W Casper Ruud
94%
F Casper Ruud
94%
Stockholm ATP 250 W Casper Ruud
94%
Toronto Masters 1000 W Ben Shelton
93%
F Ben Shelton
93%
F Daniil Medvedev
93%
Almaty ATP 250 W Daniil Medvedev
93%
Indian Wells Masters 1000 W Jack Draper
93%
F Jack Draper
93%
F Jack Draper
93%
F Lorenzo Musetti
93%
F Lorenzo Musetti
93%
F Lorenzo Musetti
93%
F Taylor Fritz
93%
Stuttgart ATP 250 W Taylor Fritz
93%
Eastbourne ATP 250 W Taylor Fritz
93%
Doha ATP 500 W Andrey Rublev
92%
F Andrey Rublev
92%
F Félix Auger-Aliassime
92%
F Félix Auger-Aliassime
92%
Adelaide ATP 250 W Félix Auger-Aliassime
92%
Montpellier ATP 250 W Félix Auger-Aliassime
92%
Brussels ATP 250 W Félix Auger-Aliassime
92%
Basel ATP 500 W João Fonseca
92%
Buenos Aires ATP 250 W João Fonseca
92%
Halle ATP 500 W Alexander Bublik
91%
Gstaad ATP 250 W Alexander Bublik
91%
Kitzbühel ATP 250 W Alexander Bublik
91%
Hangzhou ATP 250 W Alexander Bublik
91%
Miami Masters 1000 W Jakub Menšík
91%
F Holger Rune
89%
Barcelona ATP 500 W Holger Rune
89%
F Arthur Rinderknech
85%
F Alex de Minaur
84%
Washington D.C. ATP 500 W Alex de Minaur
84%
F Karen Khachanov
84%
Shanghai Masters 1000 W Valentin Vacherot
84%
F Frances Tiafoe
82%
Dubai ATP 500 W Stefanos Tsitsipas
82%
F Alejandro Davidovich Fokina
81%
F Alejandro Davidovich Fokina
81%
F Alejandro Davidovich Fokina
81%
F Alejandro Davidovich Fokina
81%
F Learner Tien
78%
Metz ATP 250 W Learner Tien
78%
F Francisco Cerúndolo
76%
F Juan Manuel Cerúndolo
76%
Hamburg ATP 500 W Flavio Cobolli
75%
Bucharest ATP 250 W Flavio Cobolli
75%
F Jiří Lehečka
75%
Brisbane ATP 250 W Jiří Lehečka
75%
F Jiří Lehečka
75%
Rio de Janeiro ATP 500 W Sebastián Báez
75%
F Sebastián Báez
75%
F Sebastián Báez
75%
Dallas ATP 500 W Denis Shapovalov
73%
Los Cabos ATP 250 W Denis Shapovalov
73%
Marseille ATP 250 W Ugo Humbert
73%
F Ugo Humbert
73%
F Cameron Norrie
68%
Auckland ATP 250 W Gaël Monfils
67%
Acapulco ATP 500 W Tomáš Macháč
64%
F Hubert Hurkacz
63%
Marrakech ATP 250 W Luciano Darderi
63%
Båstad ATP 250 W Luciano Darderi
63%
Umag ATP 250 W Luciano Darderi
63%
F Tallon Griekspoor
59%
Mallorca ATP 250 W Tallon Griekspoor
59%
F Corentin Moutet
58%
F Corentin Moutet
58%
Chengdu ATP 250 W Alejandro Tabilo
56%
F Alexandre Müller
53%
Hong Kong ATP 250 W Alexandre Müller
53%
's-Hertogenbosch ATP 250 W Gabriel Diallo
53%
F Sebastian Korda
53%
F Reilly Opelka
47%
F Zizou Bergs
46%
F Zizou Bergs
46%
F Kei Nishikori
44%
Houston ATP 250 W Jenson Brooksby
43%
F Jenson Brooksby
43%
Delray Beach ATP 250 W Miomir Kecmanović
43%
Santiago ATP 250 W Laslo Djere
35%
Winston-Salem ATP 250 W Márton Fucsovics
33%
F Hamad Medjedović
31%
F Arthur Cazaux
28%
F Botic van de Zandschulp
28%
F Aleksandar Kovacevic
27%
F Aleksandar Kovacevic
27%
F Valentin Royer
26%
F Carlos Taberner
16%
F Jesper de Jong
16%
No matching quizzes found
Score Distribution
Percent of People with Each Score
Percentile by Number Answered
Your Score History
You have not taken this quiz